000 nam a22 7a 4500
999 _c8714
_d8714
008 180119b ||||| |||| 00| 0 eng d
100 _aHenu.S.
_95067
245 _aEnvironment Matters
260 _aNew Delhi
_bArya
_c2008